| 000 | 00916nas a2200289 454500 | ||
|---|---|---|---|
| 001 | 44380 | ||
| 005 | 20260407193511.0 | ||
| 008 | 260407s1993####ag###########|||spa#d | ||
| 003 | AR-UNSa-BCEJYS | ||
| 040 |
_aAR-UNSa-BCEJYS _bspa _cAR-UNSa-BCEJYS |
||
| 080 |
_a32 _xPolítica |
||
| 245 | 1 | 0 | _aLatin American Newsletters |
| 264 | 1 |
_aLondres : _bLatin American Newsletters _c1993 |
|
| 310 | _aFrecuencia: Irregular Contiene 50 números al año | ||
| 505 | _aCarpeta 1: Informe Latinoamericano Carpeta 5: Business Monitor International - ISSN 0265-9115 Carpeta 7: Commodities report - ISSN 0309-300X | ||
| 041 | _aspa | ||
| 942 | _cSER | ||
| 590 | _aniveau_biblio:s niveau_hierar:1 | ||
| 100 | 1 | _aLatin American Newsletters | |
| 650 | _aAmérica Latina | ||
| 650 | _aCaribe | ||
| 650 | _aCentroamérica | ||
| 650 | _aAmérica del Sur | ||
| 650 | _aInflación | ||
| 650 | _aPolítica | ||
| 650 | _aECONOMIA | ||
| 999 |
_c8921 _d8921 |
||